[Event "DEN-ch Seniors 50"]
[Site "Randers"]
[Date "2015.02.10"]
[Round "4"]
[White "Henninger, Holger"]
[Black "Gamborg, Claus"]
[Result "1/2-1/2"]
[WhiteElo "1761"]
[BlackElo "1269"]
[PlyCount "92"]
[EventDate "2015.02.07"]
[EventType "swiss"]
[EventRounds "7"]
[EventCountry "DEN"]
[SourceTitle "EXT 2016"]
[Source "ChessBase"]
[SourceDate "2015.10.08"]
[SourceVersion "1"]
[SourceVersionDate "2015.10.08"]
[SourceQuality "1"]

1. e4 d5 2. exd5 Qxd5 3. Nc3 Qd8 4. d4 e6 5. Bc4 Nf6 6. a3 Be7 7. Nge2 0-0 8. Be3 b6 9. Qd3 Bb7 10. f3 c5 11. 0-0-0 cxd4 12. Nxd4 Nc6 13. Nxc6 Bxc6 14. Qe2 Qc7 15. Nb5 Bxb5 16. Bxb5 Rac8 17. Kb1 Nd5 18. Bd4 Bc5 19. Be5 Qe7 20. h4 f6 21. c4 fxe5 22. cxd5 exd5 23. Rxd5 Bd6 24. Rhd1 Rfd8 25. Qe4 Bc7 26. Bc4 Kh8 27. h5 Rxd5 28. Rxd5 Rd8 29. Bd3 g6 30. Rxd8+ Bxd8 31. hxg6 hxg6 32. Qxg6 Qg7 33. Qe8+ Qg8 34. Qxe5+ Qg7 35. Qxg7+ Kxg7 36. g4 Bg5 37. Kc2 Kf6 38. b4 Ke5 39. Kb3 Kd4 40. Be4 Bc1 41. a4 Bd2 42. a5 bxa5 43. bxa5 Bxa5 44. Ka4 Bd2 45. Kb5 Ke5 46. Kc4 Kf4 1/2-1/2

[Event "DEN-ch G5-B"]
[Site "Skorping"]
[Date "2014.04.17"]
[Round "1"]
[White "Pedersen, Jens Hardy"]
[Black "Gamborg, Claus"]
[Result "1-0"]
[WhiteElo "1534"]
[BlackElo "1140"]
[PlyCount "108"]
[EventDate "2014.04.17"]
[EventType "swiss"]
[EventRounds "5"]
[EventCountry "DEN"]
[SourceTitle "EXT 2023"]
[Source "ChessBase"]
[SourceDate "2022.10.05"]
[SourceVersion "1"]
[SourceVersionDate "2022.10.05"]
[SourceQuality "1"]

1. Nf3 Nc6 2. d4 f5 3. c4 d5 4. e3 Nf6 5. Nc3 e6 6. a3 Bd6 7. Be2 b6 8. 0-0 0-0 9. b3 Ne4 10. Bb2 Nxc3 11. Bxc3 Ne7 12. cxd5 Nxd5 13. Bb2 Bb7 14. Rc1 Rc8 15. h3 Nf6 16. Bc4 Bd5 17. Ng5 Qe7 18. Ba6 Rb8 19. b4 Ne4 20. Nxe4 Bxe4 21. Bd3 Bb7 22. Be2 f4 23. Bf3 Ba6 24. Re1 fxe3 25. Rxe3 Qf6 26. Qb3 Rbe8 27. d5 e5 28. b5 Bc8 29. a4 Qg5 30. Kh1 e4 31. Rxe4 Rxe4 32. Bxe4 Rxf2 33. Qc3 Re2 34. Bxh7+ Kxh7 35. Qd3+ Kh6 36. Qxe2 Qxd5 37. Rd1 Qf7 38. Bc1+ g5 39. Rf1 Qg6 40. Bb2 Bf4 41. Bc1 Bxc1 42. Rxc1 Qf7 43. Rc6+ Kg7 44. Qe5+ Kf8 45. Qh8+ Ke7 46. Rxc7+ Bd7 47. Qe5+ Kd8 48. Rxa7 Qf1+ 49. Kh2 Qf4+ 50. Qxf4 gxf4 51. Rb7 Bc8 52. Rxb6 Kc7 53. Rf6 Bd7 54. Rxf4 Kb6 1-0